| 000 | 00750cam a2200253I 4500 | ||
|---|---|---|---|
| 001 | 18063 | ||
| 003 | BD-RjUL | ||
| 005 | 20211209000231.0 | ||
| 008 | 140219t19641963nbu b 00001 eng | ||
| 035 | _a(BD-RjUL)18121 | ||
| 040 |
_aDLC _cWSU _dBD-RjUL _beng |
||
| 041 | _aeng | ||
| 082 | 0 | 0 |
_a822.3 _bGRF 1964 |
| 100 | 1 |
_aGreene, Robert, _d1558?-1592. _955658 |
|
| 245 | 1 | 0 |
_aFriar Bacon and Friar Bungay / _cEdited by Daniel Seltzer. |
| 260 |
_aLondon : _bEdward Arnold, _cc1963 [Published 1964]. |
||
| 300 |
_axxi, 106 p. ; _c21 cm. |
||
| 490 | 0 | _aRegents Renaissance drama series. | |
| 504 | _aBibliographical footnotes. | ||
| 650 | 0 |
_aEnglish drama _955741 |
|
| 700 | 1 |
_aSeltzer, Daniel, _eed. _9242774 |
|
| 942 |
_2ddc _cBK |
||
| 999 |
_c18063 _d18063 |
||